| 000 | 00407nam a2200157Ia 4500 | ||
|---|---|---|---|
| 008 | 210210b1976 xxu||||| |||| 00| 0 eng d | ||
| 082 | _a535 JENF | ||
| 100 | _aJENKINS (Francis A) & WHITE (Harvey). | ||
| 245 | _aFundamentals of optics. Ed 4. | ||
| 250 | _a | ||
| 260 |
_aN D _bMcGraw Hill International Book Co., _c1976 |
||
| 300 | _axx,746 | ||
| 650 | _aOptics | ||
| 690 | _aOptics | ||
| 906 | _aSG03047 | ||
| 999 |
_c113892 _d113892 |
||